| 000 | 00766nam a2200193 a 4500 | ||
|---|---|---|---|
| 003 | AM-YeHGA | ||
| 005 | 20250618074954.0 | ||
| 008 | 180330s1953 ru c||||r|||||000|1|rus|| | ||
| 040 | _aAM-YeHGA | ||
| 041 | 1 |
_arus _hsah |
|
| 100 | 1 | _aАбагинский, Архип Георгиевич | |
| 245 | 1 | 0 |
_aИзбранное : _b[Стихи] : Авторизованный перевод с якутского / _cА. Абагинский. |
| 260 |
_aМосква ; _aЯкутск : _bЯкут. кн. изд-во, _c1953. |
||
| 300 |
_a120, 1 л. портр. : _bпортр. ; _c21 см. |
||
| 650 | 1 | 4 |
_aХудожественная литература _94918 |
| 650 | 1 | 4 |
_aЯкутская литература _xПоэзия |
| 942 |
_2udc _cBK |
||
| 090 | _c420031 | ||
| 999 |
_c417654 _d417654 |
||